000 01213nam a2200301 a 4500
001 BRCA_7313
005 20190321142923.0
008 040712s2010----u--a######---#000-0#eng-#
020 _a097853834X
020 _a9780978538347
041 _aengspa
044 _au
050 4 _b.E97 2010
245 1 0 _aEuropean treasures
_binternational Gothic through realism = Tesoros europeos : gótico internacional hasta el realismo
_cedited by Molly Huber ; designed by Anne M. Giangiulio ; translated by Amanda Reta-Cabezut and Nanette E. Girón ; photographed by Marty Snortum Studios.
260 _aDallas, Texas
_bEl Paso Museum of Art Foundation
_c2010
300 _a312 p.
_bil. a color
_c29 cm.
500 _aIncluye notas de ensayo y referencias
546 _aTexto en: inglés y español
650 1 4 _aPintura europea
_vCatálogos
_96299
650 1 4 _aPintura, Renacimiento
_vCatálogos
_918078
700 1 _aHuber, Molly
_eed.
_918079
700 1 _aGiangiulio, Anne M.
_918080
700 1 _aReta-Cabezut, Amanda
_etr.
_918081
700 1 _aGirón, Nanette E.
_etr.
_918082
710 2 _aEl Paso Museum of Art
_918083
740 0 _aTesoros europeos : gótico internacional hasta el realismo
942 _2lcc
_cB
999 _c6989
_d6989